| Record ID | ia:featmtrainier00flet |
| Source | Internet Archive |
| Download MARC XML | https://archive.org/download/featmtrainier00flet/featmtrainier00flet_marc.xml |
| Download MARC binary | https://www.archive.org/download/featmtrainier00flet/featmtrainier00flet_meta.mrc |
LEADER: 00896nam 2200241Ia 4500
001 ocm05684373
003 OCoLC
005 19860319114355.0
008 791112s1916 dcua f001 0 eng d
040 $aCOO$cCOO$dm.c.$dVXG
049 $aVXGG$c1
099 $aQK 181 .F55
100 1 $aFlett, J. B.$q(John B.)
245 10 $aFeatures of the flora of Mount Rainier National Park /$cby J.B. Flett.
260 $a[Washington, D.C.] :$bDept. of the Interior, Office of the Secretary :$bFor sale by the Supt. of Docs., G.P.O.,$c1916.
300 $a48 p. :$bill. ;$c25 cm.
510 4 $aAtwood's bibliography, 1930
500 $aCaption title.
500 $aRunning title: Flora of Mount Rainier National Park.
500 $aIncludes index.
651 0 $aMount Rainier National Park (Wash.)
650 0 $aPlants$zWashington (State)$zMount Rainier National Park.
740 0 $aFlora of Mount Rainier National Park.